| Tag |
First Indicator |
Second Indicator |
Subfields |
| LEADER |
00000cam a2200000 a 4500 |
| 001 |
in00001069779 |
| 005 |
20150929101607.0 |
| 008 |
910716s1991 enka b 101 0 eng |
| 010 |
|
|
|a 91027736
|
| 019 |
|
|
|a 23954275
|
| 020 |
|
|
|a 0521401844
|
| 035 |
|
|
|a (OCoLC)24219185
|
| 035 |
|
|
|9 AFP2083AM
|
| 040 |
|
|
|a DLC
|c DLC
|d TXA
|d UtOrBLW
|
| 049 |
|
|
|a TXAM
|
| 050 |
0 |
0 |
|a QB856
|b .W37 1991
|
| 082 |
0 |
0 |
|a 523.1/12
|2 20
|
| 245 |
0 |
0 |
|a Warped disks and inclined rings around galaxies /
|c edited by Stefano Casertano, Penny D. Sackett, Franklin H. Briggs.
|
| 264 |
|
1 |
|a Cambridge [England] ;
|a New York :
|b Cambridge University Press,
|c 1991.
|
| 300 |
|
|
|a xvii, 291 pages :
|b illustrations ;
|c 25 cm.
|
| 336 |
|
|
|a text
|b txt
|2 rdacontent
|
| 337 |
|
|
|a unmediated
|b n
|2 rdamedia
|
| 338 |
|
|
|a volume
|b nc
|2 rdacarrier
|
| 500 |
|
|
|a Proceedings of a workshop on the topic "Warped Disks and Inclined Rings around Galaxies" held at the University of Pittsburgh May 30-June 1, 1990.
|
| 504 |
|
|
|a Includes bibliographical references and indexes.
|
| 650 |
|
0 |
|a Galaxies
|v Congresses.
|
| 650 |
|
0 |
|a Disks (Astrophysics)
|v Congresses.
|
| 700 |
1 |
|
|a Casertano, Stefano.
|
| 700 |
1 |
|
|a Sackett, Penny D.
|
| 700 |
1 |
|
|a Briggs, Franklin H.
|
| 999 |
|
|
|a MARS
|
| 999 |
f |
f |
|s 30c46e31-5cbf-320a-9708-105c202e6bd7
|i f26f5e9f-f1b4-3aa1-8425-c500ffd7c7e5
|t 0
|
| 952 |
f |
f |
|p ric
|a Texas A&M University
|b Rellis Campus
|c Joint Library Facility
|d Remote Storage
|t 0
|e QB856 .W37 1991
|h Library of Congress classification
|i unmediated -- volume
|m A14815655817
|
| 998 |
f |
f |
|a QB856 .W37 1991
|t 0
|l Remote Storage
|